| 000 | 00356nam a2200133Ia 4500 | ||
|---|---|---|---|
| 008 | 231129s2001||||xx |||||||||||||| ||spa|| | ||
| 040 | _bspa | ||
| 082 | _a323 C718es | ||
| 100 | _aCatalina Botero Marino | ||
| 245 | 0 | _aEl Estado Social y Democratico de Derecho y los Derechos Humanos. | |
| 260 | _c2001 | ||
| 264 | _aImprenta Nacional | ||
| 942 |
_2ddc _cBKS |
||
| 999 |
_c11030 _d11030 |
||